| 000 | 00453nam a22001577a 4500 | ||
|---|---|---|---|
| 999 |
_c12374 _d12374 |
||
| 008 | 210129b ||||| |||| 00| 0 eng d | ||
| 082 | 0 | 0 |
_a621.3 _bC3111 |
| 100 |
_94530 _aCarr, David Livingstone |
||
| 245 | 1 | 0 |
_aElectrotechnology : Part 1,. Direct-current circuit theory _cBy David Livingstone Carr |
| 250 | _a1st ed. | ||
| 260 |
_aLondon _bEdward Arnold _c1962 |
||
| 300 | _a70p. | ||
| 365 | _d4.50 | ||
| 650 | 0 | _aElectrical Engineering | |
| 942 | _cBK | ||